| 000 | 00926cab a22002415a 4500 | ||
|---|---|---|---|
| 001 | L144921 | ||
| 008 | 080820e20080816xxka f 000 0 eng d | ||
| 035 | _a(Sirsi) u144921 | ||
| 041 | 0 | _aeng | |
| 100 | 1 | _aCattell, Sophie | |
| 245 | 0 | 2 | _aA pivotal adviser |
| 260 | _c2008 | ||
| 490 |
_aEstates Gazette _v(0832) 16 August 2008, 80-81(2) |
||
| 520 | _aArticle looks at the requirements for charity land valuations and transactions and finds that while there is no specific form of guidance; trustees must obey the statutory procedures and surveyors need to provide relevant advice. | ||
| 590 | _aKA | ||
| 650 | 2 | 4 | _aCHARITIES ACT 1993 S36(3) |
| 650 | 2 | 4 | _aCHARITIES ACT 1993 S36(5) |
| 650 | 2 | 4 | _aCHARITIES (QUALIFIED SURVEYORS' REPORTS) REGULATIONS 1992 |
| 651 | 4 |
_aUnited Kingdom _y |
|
| 690 | _aPROPERTY-COMMERCIAL PROPERTY-COMMERCIAL PROPERTY APPRAISAL AND VALUATION | ||
| 700 | 1 | _aEdmund, Teresa | |
| 942 | _n0 | ||
| 999 |
_c80645 _d80645 |
||